| 000 | 00000nam##2200000za#4500 |
| 001 | 9.668757 |
| 003 | CaOODSP |
| 005 | 20210615124400 |
| 007 | ta |
| 008 | 150407|2007||||xxc||||| f|0| 0 eng|d |
| 020 | |a978-0-662-69793-0 |
| 040 | |aCaOODSP|beng |
| 041 | |aeng |
| 041 | |afre |
| 043 | |an-cn--- |
| 086 | 1 |aM144-122/2007 |
| 110 | 1 |aCanada.|bNatural Resources Canada. |bOffice of Energy Efficiency. |
| 245 | 12|aA new house that saves |
| 260 | |aOttawa - Ontario : |bNatural Resources Canada. |c2007. |
| 300 | |a1 folded sheet (English text, [4]p.) : |bphotographs ; |c22 cm. |
| 500 | |aAt head of title: ecoENERGY, an ecoACTION initiative. |
| 563 | |aPamphlet |
| 590 | |a07-41|b2007-10-12 |
| 690 | 07|aEnergy efficiency|2gcpds |
| 690 | 07|aHousing|2gcpds |
| 776 | 0#|tUne maison neuve qui fait économiser |w(CaOODSP)9.634107 |
| 776 | 0#|tA new house that saves |w(CaOODSP)9.689710 |
| 792 | |tUne maison neuve qui fait économiser |efre|w(CaOODSP)9.668758 |